| 000 | 00604nam a2200169 a 4500 | ||
|---|---|---|---|
| 008 | 190129s2017 ||||||||||||||||| || u | ||
| 020 | _a9789295097162 | ||
| 050 | _aDT 21 Aky | ||
| 100 | _aAkyeampong, Emmanuel | ||
| 245 | 1 | 0 |
_aHistory of African trade _cBY Emmanuel Akyeampong |
| 260 |
_aCairo: _c2017 |
||
| 300 | _a26p.: ill. | ||
| 650 | _aAFRICA--CIVILIZATION | ||
| 650 | _aAFRICA--HISTORY--TO 1884-1918 | ||
| 650 | _aAFRICA--HISTORY--TO 1884 | ||
| 995 |
_FCBU-MAIN LIBRARY (Kitwe) _M1 _UAVAILABLE _WFeb 6, 2019 _ZMain Library Open Access Collection |
||
| 999 |
_c45580 _d45580 |
||